| 000 | 00400nam a22001577a 4500 | ||
|---|---|---|---|
| 999 |
_c7914 _d7914 |
||
| 003 | OSt | ||
| 005 | 20190320115042.0 | ||
| 008 | 190320b ||||| |||| 00| 0 eng d | ||
| 040 | _cDLC | ||
| 082 |
_a494 _bH749E |
||
| 100 | _aHolmes, Norman | ||
| 245 |
_aek Mashi Ki Asha/ _cby Norman Holmes/ |
||
| 260 |
_aIndia: _bHarvest Mission Publicatoin: _cc. 2003: |
||
| 300 |
_a127 p.; _c20 cm |
||
| 942 |
_2ddc _cBK |
||